Antoni Gaudí / Joan Bassegoda; traducció de Jaume Aubareda
Publicado:
Barcelona :
Edicions 62, Caixa de Catalunya; amb la col·laboració de la Fundació Pere Vergés ,
1992
Descripción Física:
156 p. : il. ; 21 cm
Colección:
Col·lecció Pere Vergés de biografies ; 38
MARC
| LEADER | 00000nam a2200000Ia 4500 | ||
|---|---|---|---|
| 001 | 12476 | ||
| 008 | 160829s1992 xx 000 0 cat d | ||
| 080 | |a B-1-213 | ||
| 100 | |a Bassegoda i Nonell, Joan |9 23085 | ||
| 245 | |a Antoni Gaudí / Joan Bassegoda; traducció de Jaume Aubareda | ||
| 260 | |a Barcelona : |b Edicions 62, Caixa de Catalunya; amb la col·laboració de la Fundació Pere Vergés, |c 1992 | ||
| 300 | |a 156 p. : |b il. ; |c 21 cm | ||
| 490 | |a Col·lecció Pere Vergés de biografies ; 38 | ||
| 600 | 1 | 0 | |a Gaudí, Antoni, |d 1852-1926 |9 51678 |
| 650 | |a Arquitectes |x Catalunya |x Biografia |9 37383 | ||
| 700 | 1 | |a Aubareda, Jaume |9 35931 | |
| 700 | |a Fundació Pere Vergés |9 21045 | ||
| 710 | 2 | |a Caixa de Catalunya |9 53090 | |
| 901 | |a Arxiu | ||
| 942 | |n 1 | ||
| 952 | |0 0 |1 0 |4 0 |6 B1213 |7 1 |9 47125 |a Arxiu |b Arxiu |d 2016-12-01 |l 0 |o B-1-213 |p 12476 |r 2016-12-01 00:00:00 |w 2016-12-01 |y ARXIU | ||
| 999 | |c 50920 |d 50920 | ||